000 00786nam a2200241 4500
003 OSt
005 20260530113847.0
008 260420b1979 sp a|||| |||| 00| 0 spa d
020 _a8425209048
040 _aICI
_bspa
_cICI
050 _aT14.5
_bD38
100 1 _aDavies, Duncan,
_930811
245 1 3 _aEl técnico en la sociedad /
_cDuncan daries, tom banfield, ray sheahan ; version castellana de Esteve riambau i sauri
264 1 _bGustavo Gili,
_c1979
_aBarcelona ; México :
300 _a223 páginas
_c20 cm.
336 _atexto
_2rdacontent
337 _asin medio
_2rdamedia
338 _avolumen
_2rdacarrier
490 0 _aColección Tecnología y sociedad
650 0 _aTecnología
_xAspectos sociales
_930812
700 _aBanfield, Tom,
_eautor
_930813
942 _2lcc
_cBK
999 _c11321
_d11321